000 00306nam a2200121 a 4500
005 20140414132015.0
008 110314s19uu xx 00 eng d
050 _aTR
_bB29 1998
100 _aMarzollo, Jean
245 _aBasketball buddies.
260 _aNew York :
_bScholastic ,
_c1998.
999 _c113358
_d113358